[Event "New York Summer 1000 GM IM-B"]
[Site "New York"]
[Date "2023.07.10"]
[Round "9.3"]
[White "La Manna, Andrea"]
[Black "Paragua, Mark"]
[Result "0-1"]
[WhiteElo "2180"]
[BlackElo "2438"]
[PlyCount "60"]
[EventDate "2023.07.06"]
[EventType "schev"]
[EventRounds "9"]
[EventCountry "USA"]
[SourceTitle "CBM 215 Extra"]
[Source "ChessBase"]
[SourceDate "2023.09.30"]
[SourceVersion "1"]
[SourceVersionDate "2023.09.30"]
[SourceQuality "1"]
[WhiteTeam "Team D"]
[BlackTeam "Team A"]
[WhiteTeamCountry "USA"]
[BlackTeamCountry "USA"]

1. d4 Nf6 2. c4 g6 3. Nc3 Bg7 4. e4 d6 5. f3 0-0 6. Bg5 c5 7. d5 e6 8. Qd2 h6 9. Be3 exd5 10. cxd5 a6 11. a4 Re8 12. Bc4 Nbd7 13. Be2 Rb8 14. Bxh6 Nxe4 15. Nxe4 Qh4+ 16. g3 Qxh6 17. Qxh6 Bxh6 18. Nxd6 Re3 19. f4 Nb6 20. Kf2 Rb3 21. Bf3 Bd7 22. a5 Na4 23. Ne2 Nxb2 24. Ne4 Nd3+ 25. Kg2 Bg7 26. Rhb1 c4 27. Nd2 Bxa1 28. Nxb3 cxb3 29. Rxa1 b2 30. Rb1 Bf5 0-1

[Event "New York Spring IM-C"]
[Site "New York"]
[Date "2023.04.07"]
[Round "5"]
[White "La Manna, Andrea"]
[Black "Lee, Justin"]
[Result "1/2-1/2"]
[WhiteElo "2212"]
[BlackElo "2232"]
[PlyCount "48"]
[EventDate "2023.04.05"]
[EventType "tourn"]
[EventRounds "9"]
[EventCountry "USA"]
[SourceTitle "CBM 213 Extra"]
[Source "ChessBase"]
[SourceDate "2023.05.31"]
[SourceVersion "1"]
[SourceVersionDate "2023.05.31"]
[SourceQuality "1"]

1. d4 d5 2. c4 c6 3. Nc3 Nf6 4. cxd5 cxd5 5. Bf4 Nc6 6. e3 a6 7. Bd3 Bg4 8. f3 Bh5 9. Nge2 e6 10. Rc1 Bd6 11. 0-0 0-0 12. Na4 e5 13. dxe5 Nxe5 14. Nac3 Re8 15. Kh1 Nxd3 16. Qxd3 Bc5 17. Nxd5 Nxd5 18. Rxc5 Nxe3 19. Qxd8 Raxd8 20. Bxe3 Rxe3 21. Nc3 Bg6 22. Kg1 h6 23. Kf2 Rde8 24. Rd1 R3e7 1/2-1/2

[Event "New York Spring IM-C"]
[Site "New York"]
[Date "2023.04.07"]
[Round "4"]
[White "Liu, Eric"]
[Black "La Manna, Andrea"]
[Result "1-0"]
[WhiteElo "2299"]
[BlackElo "2212"]
[PlyCount "41"]
[EventDate "2023.04.05"]
[EventType "tourn"]
[EventRounds "9"]
[EventCountry "USA"]
[SourceTitle "CBM 213 Extra"]
[Source "ChessBase"]
[SourceDate "2023.05.31"]
[SourceVersion "1"]
[SourceVersionDate "2023.05.31"]
[SourceQuality "1"]

1. e4 e5 2. Nf3 Nc6 3. Bc4 Nf6 4. d3 Be7 5. 0-0 0-0 6. Nc3 d6 7. a3 Nd7 8. Nd5 Nb6 9. Ba2 Kh8 10. c3 f5 11. exf5 Bxf5 12. Nxe7 Qxe7 13. Bg5 Qe8 14. Nh4 Be6 15. Bb1 h6 16. d4 Kg8 17. Qc2 Ne7 18. Bxe7 Qxe7 19. Qh7+ Kf7 20. Bg6+ Kf6 21. Bh5 1-0

[Event "New York Marshall Winter IM"]
[Site "New York"]
[Date "2023.02.24"]
[Round "5"]
[White "La Manna, Andrea"]
[Black "Hardaway, Brewington"]
[Result "1/2-1/2"]
[WhiteElo "2245"]
[BlackElo "2370"]
[PlyCount "74"]
[EventDate "2023.02.22"]
[EventType "tourn"]
[EventRounds "9"]
[EventCountry "USA"]
[EventCategory "1"]
[SourceTitle "CBM 212 Extra"]
[Source "ChessBase"]
[SourceDate "2023.03.31"]
[SourceVersion "1"]
[SourceVersionDate "2023.03.31"]
[SourceQuality "1"]

1. d4 Nf6 2. c4 g6 3. Nc3 Bg7 4. e4 d6 5. f3 0-0 6. Bg5 c5 7. d5 h6 8. Be3 e6 9. Qd2 exd5 10. cxd5 h5 11. Bh6 Nbd7 12. Bxg7 Kxg7 13. Nh3 a6 14. a4 Qa5 15. Nf2 b5 16. Be2 Rb8 17. 0-0 Qb4 18. axb5 axb5 19. Nb1 Qxd2 20. Nxd2 Re8 21. Rfe1 c4 22. b4 Nb6 23. Bf1 Bd7 24. Rec1 Ra8 25. Nd1 Na4 26. Ra3 Nb6 27. Rca1 Rxa3 28. Rxa3 Ra8 29. Nb1 Ra4 30. Rxa4 Nxa4 31. Ndc3 Nxc3 32. Nxc3 Ne8 33. Kf2 Nc7 34. f4 Na6 35. Na2 f5 36. e5 Nc7 37. Nc3 Na6 1/2-1/2

[Event "New York Marshall Winter IM"]
[Site "New York"]
[Date "2023.02.24"]
[Round "4"]
[White "Tanenbaum, Zachary Chen"]
[Black "La Manna, Andrea"]
[Result "1-0"]
[WhiteElo "2244"]
[BlackElo "2245"]
[PlyCount "55"]
[EventDate "2023.02.22"]
[EventType "tourn"]
[EventRounds "9"]
[EventCountry "USA"]
[EventCategory "1"]
[SourceTitle "CBM 212 Extra"]
[Source "ChessBase"]
[SourceDate "2023.03.31"]
[SourceVersion "1"]
[SourceVersionDate "2023.03.31"]
[SourceQuality "1"]

1. e4 e5 2. Nf3 Nc6 3. Bc4 Nf6 4. d3 Be7 5. 0-0 0-0 6. Re1 d6 7. a4 Na5 8. Ba2 c5 9. Na3 Nc6 10. c3 h6 11. Bd2 a6 12. Nc2 Be6 13. Bxe6 fxe6 14. d4 exd4 15. cxd4 e5 16. dxc5 dxc5 17. Qe2 Qe8 18. Ne3 Qf7 19. Nc4 Qe6 20. a5 Nd7 21. Rac1 Rac8 22. Ne3 Nd4 23. Nxd4 cxd4 24. Nf5 Nf6 25. Qd3 Nh7 26. Qg3 g5 27. Qh3 Kh8 28. Nxe7 1-0

[Event "Scarborough CC-ch"]
[Site "Toronto"]
[Date "2019.05.16"]
[Round "7.1"]
[White "La Manna, Andrea"]
[Black "Palacios, Bobby"]
[Result "1-0"]
[WhiteElo "2312"]
[BlackElo "2066"]
[PlyCount "87"]
[EventDate "2019.04.04"]
[EventType "swiss"]
[EventRounds "8"]
[EventCountry "CAN"]
[SourceTitle "EXT 2022"]
[Source "ChessBase"]
[SourceDate "2021.10.06"]
[SourceVersion "1"]
[SourceVersionDate "2021.10.06"]
[SourceQuality "1"]

1. d4 d5 2. c4 dxc4 3. e4 e5 4. Nf3 exd4 5. Bxc4 Bb4+ 6. Nbd2 Nc6 7. 0-0 Nf6 8. e5 Nd5 9. a3 Be7 10. b4 0-0 11. Nb3 Bg4 12. Re1 a6 13. Bb2 Nb6 14. Bd3 Na4 15. Bxd4 Nxd4 16. Nbxd4 Nb6 17. Qe2 Be6 18. Nxe6 fxe6 19. Qe4 g6 20. Rad1 Nd5 21. Qg4 Kg7 22. Nd4 Nf4 23. Re4 h5 24. Nxe6+ Nxe6 25. Qxe6 Qe8 26. Bc2 Rxf2 27. Rd7 Rf7 28. Bb3 Kh6 29. Rxc7 Rg7 30. Rc3 Rd8 31. Re1 Rd2 32. Kh1 Rd8 33. Qc4 Bd6 34. Qf4+ Kh7 35. Rce3 Bc7 36. Qe4 Bb6 37. Rf3 Rd4 38. Qe2 Qd7 39. Rf6 Qc7 40. Bc2 Qd8 41. Qxh5+ Kg8 42. Bb3+ Rd5 43. Qh3 Rgd7 44. Rxg6+ 1-0

[Event "Scarborough CC-ch"]
[Site "Toronto"]
[Date "2019.04.18"]
[Round "3.1"]
[White "Hay, Jonathan"]
[Black "La Manna, Andrea"]
[Result "1-0"]
[WhiteElo "2051"]
[BlackElo "2312"]
[PlyCount "105"]
[EventDate "2019.04.04"]
[EventType "swiss"]
[EventRounds "8"]
[EventCountry "CAN"]
[SourceTitle "EXT 2022"]
[Source "ChessBase"]
[SourceDate "2021.10.06"]
[SourceVersion "1"]
[SourceVersionDate "2021.10.06"]
[SourceQuality "1"]

1. d4 d6 2. Bf4 f5 3. Nc3 Nf6 4. e4 fxe4 5. f3 d5 6. fxe4 dxe4 7. Bc4 Bf5 8. Nge2 e6 9. h3 Nd5 10. 0-0 Nc6 11. Bxd5 exd5 12. Nb5 Rc8 13. Nxc7+ Rxc7 14. Bxc7 Qd7 15. Bh2 Be7 16. Ng3 Bg6 17. c3 h5 18. Qd2 Nd8 19. Ne2 Nf7 20. Rf2 Bf5 21. Qf4 g6 22. Qc7 Qb5 23. Raf1 e3 24. Rxf5 gxf5 25. Nf4 Qc6 26. Qb8+ Bd8 27. Qxa7 Kd7 28. Nd3 Bb6 29. Qa3 e2 30. Re1 Re8 31. Qb3 Re3 32. Nb4 Qc4 33. Nxd5 Qxb3 34. axb3 Re6 35. Nf4 Rh6 36. Rxe2 Ng5 37. Re5 Ne4 38. Rxf5 h4 39. Nd3 Rh8 40. Ne5+ Ke6 41. Rf7 Ra8 42. Kf1 Ra1+ 43. Ke2 Nd6 44. Rf1 Ra2 45. Rb1 Ra8 46. Kd3 Nf5 47. Re1 Bd8 48. Nc6+ Kf6 49. Nxd8 Rxd8 50. Re4 Re8 51. Be5+ Ke6 52. Rg4 Ra8 53. Ke4 1-0

[Event "Scarborough CC-ch"]
[Site "Toronto"]
[Date "2019.04.11"]
[Round "2.1"]
[White "La Manna, Andrea"]
[Black "Southam, David"]
[Result "1-0"]
[WhiteElo "2312"]
[BlackElo "2179"]
[PlyCount "67"]
[EventDate "2019.04.04"]
[EventType "swiss"]
[EventRounds "8"]
[EventCountry "CAN"]
[SourceTitle "EXT 2022"]
[Source "ChessBase"]
[SourceDate "2021.10.06"]
[SourceVersion "1"]
[SourceVersionDate "2021.10.06"]
[SourceQuality "1"]

1. d4 e6 2. c4 d5 3. Nc3 c6 4. cxd5 exd5 5. f3 Bd6 6. e4 dxe4 7. fxe4 Qh4+ 8. Kd2 Bf4+ 9. Kc2 Bxc1 10. Rxc1 Bg4 11. Nf3 Bxf3 12. Qxf3 Nh6 13. Bd3 0-0 14. Rcf1 Qd8 15. g4 c5 16. d5 Nd7 17. Qg3 f6 18. h4 Nf7 19. g5 fxg5 20. hxg5 Nde5 21. Qh2 h6 22. gxh6 gxh6 23. Rhg1+ Kh8 24. Rxf7 Nxf7 25. e5 c4 26. Bg6 Qe7 27. e6 Ng5 28. Qxh6+ Nh7 29. Rh1 Rf2+ 30. Kb1 Qg7 31. Qxh7+ Qxh7 32. Rxh7+ Kg8 33. Ne4 Rf4 34. d6 1-0

[Event "Arco Pasqua op 2nd"]
[Site "Arco"]
[Date "2015.04.12"]
[Round "7"]
[White "La Manna, Andrea"]
[Black "Dappiano, Andrea"]
[Result "1/2-1/2"]
[WhiteElo "2193"]
[BlackElo "2255"]
[PlyCount "24"]
[EventDate "2015.04.07"]
[EventType "swiss"]
[EventRounds "7"]
[EventCountry "ITA"]
[SourceTitle "EXT 2017"]
[Source "ChessBase"]
[SourceDate "2016.10.25"]
[SourceVersion "1"]
[SourceVersionDate "2016.10.25"]
[SourceQuality "1"]

1. f4 c5 2. Nf3 Nc6 3. b3 b6 4. Bb2 Bb7 5. e3 e6 6. g3 Nf6 7. Bg2 d6 8. d3 Be7 9. Qe2 Qc7 10. a3 0-0-0 11. Nbd2 Rhe8 12. 0-0 Kb8 1/2-1/2

[Event "Arco Pasqua op 2nd"]
[Site "Arco"]
[Date "2015.04.11"]
[Round "6"]
[White "Molnar, Bela"]
[Black "La Manna, Andrea"]
[Result "1/2-1/2"]
[WhiteElo "2285"]
[BlackElo "2193"]
[PlyCount "33"]
[EventDate "2015.04.07"]
[EventType "swiss"]
[EventRounds "7"]
[EventCountry "ITA"]
[SourceTitle "EXT 2017"]
[Source "ChessBase"]
[SourceDate "2016.10.25"]
[SourceVersion "1"]
[SourceVersionDate "2016.10.25"]
[SourceQuality "1"]

1. e4 d5 2. exd5 Nf6 3. d4 Nxd5 4. c4 Nb6 5. Nf3 g6 6. Nc3 Bg7 7. c5 Nd5 8. Bc4 c6 9. Qb3 0-0 10. 0-0 Nxc3 11. bxc3 b5 12. cxb6 axb6 13. Ng5 e6 14. Ne4 Ba6 15. Bxa6 Rxa6 16. Ba3 Re8 17. Bd6 1/2-1/2

[Event "Trentino Province-ch"]
[Site "Aldeno"]
[Date "2015.01.24"]
[Round "3"]
[White "Seresin, Francesco"]
[Black "La Manna, Andrea"]
[Result "1/2-1/2"]
[WhiteElo "2075"]
[BlackElo "2184"]
[PlyCount "45"]
[EventDate "2015.01.23"]
[EventType "swiss"]
[EventRounds "5"]
[EventCountry "ITA"]
[SourceTitle "EXT 2019"]
[Source "ChessBase"]
[SourceDate "2018.10.10"]
[SourceVersion "1"]
[SourceVersionDate "2018.10.10"]
[SourceQuality "1"]

1. d4 Nf6 2. c4 g6 3. f3 Bg7 4. e4 d6 5. Be3 0-0 6. Qd2 c5 7. Ne2 Nc6 8. Nbc3 e6 9. 0-0-0 Qe7 10. h4 a6 11. dxc5 dxc5 12. Qd6 Qxd6 13. Rxd6 Re8 14. Rd2 b5 15. cxb5 axb5 16. Nxb5 Rxa2 17. Kb1 Ra5 18. Nec3 Nh5 19. Bc4 Ne5 20. Bb3 Bd7 21. Nd6 Rb8 22. Kc2 Nf6 23. Nc4 1/2-1/2

[Event "ITA-ch sf 73rd"]
[Site "Civitanova Marche"]
[Date "2013.07.22"]
[Round "3"]
[White "Altini, Nicola"]
[Black "La Manna, Andrea"]
[Result "1-0"]
[WhiteElo "2347"]
[BlackElo "2192"]
[PlyCount "75"]
[EventDate "2013.07.20"]
[EventType "swiss"]
[EventRounds "9"]
[EventCountry "ITA"]
[SourceTitle "EXT 2015"]
[Source "ChessBase"]
[SourceDate "2014.11.20"]
[SourceVersion "1"]
[SourceVersionDate "2014.11.20"]
[SourceQuality "1"]

1. d4 Nf6 2. c4 c5 3. d5 b5 4. Nf3 g6 5. cxb5 a6 6. b6 d6 7. Nc3 Qxb6 8. e4 Nbd7 9. Bd3 Bg7 10. 0-0 0-0 11. h3 Rb8 12. Rb1 Ne8 13. Bg5 Qd8 14. Qd2 Nc7 15. a4 Nf6 16. Rfe1 e6 17. dxe6 Nxe6 18. Bh4 Bb7 19. Bc4 Qb6 20. Rbd1 Rfe8 21. b3 Qb4 22. Bxf6 Bxf6 23. Nd5 Bxd5 24. Qxd5 Rbd8 25. g3 a5 26. h4 Re7 27. Kg2 Qb8 28. h5 Nd4 29. Nxd4 Bxd4 30. hxg6 hxg6 31. Qg5 Kf8 32. Rxd4 cxd4 33. Qh6+ Ke8 34. Bb5+ Red7 35. e5 Qb7+ 36. f3 Ke7 37. e6 Rc7 38. Qh4+ 1-0

[Event "Arco op 34th"]
[Site "Arco"]
[Date "2012.10.18"]
[Round "6"]
[White "De Nisi, Roberta"]
[Black "La Manna, Andrea"]
[Result "0-1"]
[WhiteElo "1926"]
[BlackElo "2193"]
[PlyCount "60"]
[EventDate "2012.10.13"]
[EventType "swiss"]
[EventRounds "9"]
[EventCountry "ITA"]
[SourceTitle "EXT 2013"]
[Source "ChessBase"]
[SourceDate "2012.11.22"]
[SourceVersion "1"]
[SourceVersionDate "2012.11.22"]
[SourceQuality "1"]

1. c4 f5 2. Nc3 Nf6 3. g3 g6 4. Bg2 Bg7 5. Nf3 0-0 6. 0-0 d6 7. d3 Nc6 8. Rb1 a5 9. a3 Nh5 10. Bd2 f4 11. b4 axb4 12. axb4 Bg4 13. Qb3 Bxf3 14. c5+ Kh8 15. Bxf3 Nd4 16. Qc4 Nxf3+ 17. exf3 c6 18. Ne2 d5 19. Qb3 e5 20. Bc3 Qg5 21. Kg2 fxg3 22. fxg3 Qe3 23. Nc1 d4 24. Bb2 Nf6 25. b5 Nd5 26. Qd1 Qg5 27. Qe2 Nf4+ 28. Kh1 Nxe2 29. Nxe2 Qd2 30. Nc1 Qc2 0-1

[Event "Arco op 34th"]
[Site "Arco"]
[Date "2012.10.15"]
[Round "3"]
[White "Burmakin, Vladimir"]
[Black "La Manna, Andrea"]
[Result "1-0"]
[WhiteElo "2579"]
[BlackElo "2193"]
[PlyCount "67"]
[EventDate "2012.10.13"]
[EventType "swiss"]
[EventRounds "9"]
[EventCountry "ITA"]
[SourceTitle "EXT 2013"]
[Source "ChessBase"]
[SourceDate "2012.11.22"]
[SourceVersion "1"]
[SourceVersionDate "2012.11.22"]
[SourceQuality "1"]

1. d4 c5 2. d5 Nf6 3. g3 g6 4. Bg2 d6 5. a4 Bg7 6. e4 0-0 7. Ne2 Nbd7 8. 0-0 a6 9. c4 Rb8 10. Nbc3 Ne8 11. Qc2 Nc7 12. a5 b5 13. axb6 Nxb6 14. b3 e6 15. dxe6 fxe6 16. Bd2 d5 17. cxd5 exd5 18. Nxd5 Nbxd5 19. exd5 Bxa1 20. Rxa1 Qf6 21. Rf1 Bf5 22. Qxc5 Nb5 23. Nf4 Qd4 24. Be3 Qxc5 25. Bxc5 Rfe8 26. b4 Rbd8 27. Ra1 Kf7 28. h4 Bc8 29. Bf1 Bb7 30. Bc4 Nd6 31. Bb3 Ne4 32. d6+ Kf6 33. Bd4+ Kf5 34. Ra5+ 1-0

[Event "Arco op 33rd"]
[Site "Arco"]
[Date "2011.10.25"]
[Round "4"]
[White "La Manna, Andrea"]
[Black "Kierzek, Mira"]
[Result "1-0"]
[WhiteElo "2189"]
[BlackElo "2023"]
[PlyCount "119"]
[EventDate "2011.10.22"]
[EventType "swiss"]
[EventRounds "9"]
[EventCountry "ITA"]
[SourceTitle "EXT 2012"]
[Source "ChessBase"]
[SourceDate "2011.11.24"]
[SourceVersion "1"]
[SourceVersionDate "2011.11.24"]
[SourceQuality "1"]

1. d4 Nf6 2. c4 e6 3. Nc3 d5 4. cxd5 exd5 5. Bg5 Be7 6. e3 0-0 7. Bd3 h6 8. Bh4 c6 9. Qc2 Be6 10. Nge2 Nh5 11. Bxe7 Qxe7 12. h3 a5 13. 0-0-0 Na6 14. Bxa6 Rxa6 15. g4 Nf6 16. Kb1 b5 17. Rdg1 Ne4 18. Nxe4 dxe4 19. Qc5 Qxc5 20. dxc5 Ra7 21. Nd4 Bd5 22. Rd1 Rd7 23. Nf5 Re8 24. Rd4 Re5 25. Rhd1 Rc7 26. Ng3 Rce7 27. Nf5 Rc7 28. Nd6 g6 29. Ka1 Kg7 30. a3 a4 31. Kb1 Kf8 32. Rc1 Kg7 33. Kc2 Rce7 34. Kc3 Bb3 35. Kb4 f5 36. gxf5 gxf5 37. Ka5 Kf6 38. Kb6 Bd5 39. Rcd1 Rd7 40. Rg1 Ree7 41. Rxd5 cxd5 42. Nxb5 Rb7+ 43. Ka6 Rb8 44. c6 Ra8+ 45. Kb6 Re6 46. Kb7 Ra5 47. Nc7 Re7 48. Kb6 Rxc7 49. Kxc7 Rc5 50. Kd7 d4 51. exd4 Rd5+ 52. Ke8 Rxd4 53. Rc1 Rd2 54. c7 Rxf2 55. c8Q Rf3 56. Qd8+ Ke5 57. Qc7+ Kf6 58. Qe7+ Kg6 59. Rg1+ Kh5 60. Qf7+ 1-0

[Event "Arco op 33rd"]
[Site "Arco"]
[Date "2011.10.23"]
[Round "2"]
[White "La Manna, Andrea"]
[Black "Stolfa, Rodolfo"]
[Result "1-0"]
[WhiteElo "2189"]
[BlackElo "1812"]
[PlyCount "67"]
[EventDate "2011.10.22"]
[EventType "swiss"]
[EventRounds "9"]
[EventCountry "ITA"]
[SourceTitle "EXT 2012"]
[Source "ChessBase"]
[SourceDate "2011.11.24"]
[SourceVersion "1"]
[SourceVersionDate "2011.11.24"]
[SourceQuality "1"]

1. d4 d5 2. c4 e6 3. Nc3 Nf6 4. cxd5 exd5 5. Bg5 Be7 6. e3 c6 7. Qc2 Be6 8. Bd3 Nbd7 9. Nge2 h6 10. Bh4 Rc8 11. Rd1 g5 12. Bg3 Nh5 13. 0-0 0-0 14. f3 f5 15. Bf2 Bd6 16. Rde1 Qf6 17. e4 Bc7 18. exf5 Bxf5 19. Bxf5 Rcd8 20. Bd3 Qd6 21. Ng3 Nf4 22. Be3 h5 23. Rf2 Nxd3 24. Qxd3 h4 25. Nf1 Qf6 26. Qd2 Bf4 27. Rfe2 Qd6 28. Bxf4 gxf4 29. Re6 Qb8 30. Qd3 Rf7 31. Re7 Rxe7 32. Rxe7 Nf8 33. Qf5 Qd6 34. Qf7+ 1-0

[Event "Arco op 33rd"]
[Site "Arco"]
[Date "2011.10.22"]
[Round "1"]
[White "Salati, Paolo"]
[Black "La Manna, Andrea"]
[Result "1-0"]
[WhiteElo "1865"]
[BlackElo "2189"]
[PlyCount "69"]
[EventDate "2011.10.22"]
[EventType "swiss"]
[EventRounds "9"]
[EventCountry "ITA"]
[SourceTitle "EXT 2024"]
[Source "ChessBase"]
[SourceDate "2023.10.10"]
[SourceVersion "1"]
[SourceVersionDate "2023.10.10"]
[SourceQuality "1"]

1. e4 d5 2. e5 c5 3. Nf3 Nc6 4. h3 g6 5. c3 Bg7 6. d4 h5 7. Bb5 cxd4 8. cxd4 Nh6 9. Nc3 Bf5 10. 0-0 Qd7 11. Ng5 f6 12. exf6 Bxf6 13. Qf3 Rd8 14. Ne2 0-0 15. Bxc6 bxc6 16. Re1 Rde8 17. Qe3 Bg7 18. Nf4 e5 19. dxe5 Bxe5 20. Qg3 Bg7 21. Nf3 Rxe1+ 22. Nxe1 Qe7 23. Nf3 Qf6 24. Ne2 Be4 25. Ng5 Bf5 26. Qc3 Qe7 27. Qe3 Qxe3 28. Bxe3 Bxb2 29. Re1 Nf7 30. Nxf7 Rxf7 31. Nd4 Bd7 32. Nf3 a5 33. Bc5 Bf5 34. Re8+ Kh7 35. Rg8 1-0

[Event "Otranto op 1st"]
[Site "Otranto"]
[Date "2011.05.28"]
[Round "9"]
[White "La Manna, Andrea"]
[Black "Navarro Lopez Menchero, Daniel"]
[Result "1/2-1/2"]
[WhiteElo "2199"]
[BlackElo "2131"]
[PlyCount "93"]
[EventDate "2011.05.21"]
[EventType "swiss"]
[EventRounds "9"]
[EventCountry "ITA"]
[SourceTitle "CBM 142 Extra"]
[Source "ChessBase"]
[SourceDate "2011.06.27"]
[SourceVersion "1"]
[SourceVersionDate "2011.06.27"]
[SourceQuality "1"]

1. d4 d5 2. c4 dxc4 3. e4 Nc6 4. Nf3 Bg4 5. Bxc4 e6 6. d5 Bxf3 7. Qxf3 Ne5 8. Bb5+ c6 9. Qc3 cxb5 10. Qxe5 Rc8 11. 0-0 Qf6 12. Bf4 Qxe5 13. Bxe5 f6 14. Bd4 exd5 15. Nc3 dxe4 16. Nxe4 Nh6 17. Bxa7 Be7 18. Rac1 Kf7 19. Bc5 Rhd8 20. Bb6 Rxc1 21. Rxc1 Rd7 22. Kf1 Nf5 23. Rc7 Rxc7 24. Bxc7 Ke6 25. Ke2 Nd4+ 26. Kd3 Nc6 27. a3 b4 28. a4 f5 29. Nd2 Kd5 30. Nc4 Bc5 31. f3 g6 32. Bb6 Ne5+ 33. Nxe5 Bxb6 34. Nc4 Bd4 35. b3 f4 36. Na5 b6 37. Nc6 Bc5 38. Nd8 Be7 39. Nf7 h5 40. Nh8 g5 41. Ng6 Bd6 42. h4 gxh4 43. Nxh4 Ke5 44. Kc4 Bc7 45. Kd3 Bd6 46. Kc4 Bc7 47. Kd3 1/2-1/2

[Event "Otranto op 1st"]
[Site "Otranto"]
[Date "2011.05.24"]
[Round "5"]
[White "La Manna, Andrea"]
[Black "Sreeves, Clement"]
[Result "1-0"]
[WhiteElo "2199"]
[BlackElo "2173"]
[PlyCount "31"]
[EventDate "2011.05.21"]
[EventType "swiss"]
[EventRounds "9"]
[EventCountry "ITA"]
[SourceTitle "CBM 142 Extra"]
[Source "ChessBase"]
[SourceDate "2011.06.27"]
[SourceVersion "1"]
[SourceVersionDate "2011.06.27"]
[SourceQuality "1"]

1. d4 Nf6 2. c4 g6 3. Nc3 Bg7 4. e4 d6 5. f3 0-0 6. Be3 c5 7. d5 e6 8. Nge2 exd5 9. cxd5 Nbd7 10. Ng3 Ne5 11. f4 Neg4 12. Bd2 Re8 13. Bd3 c4 14. Bxc4 Nxe4 15. Ncxe4 f5 16. Be2 1-0